00170nam a2200061Ia 4500008004100000100002100041245004600062120527s9999 xx 000 0 und d aMcCONNELL & BRUE aEconomics: Principles, problem and policy